Famous Small Towns or Cities *2 - Statistics

General Stats
  • This quiz has been taken 27 times
  • The average score is 9 of 17
Answer Stats
Hint Population
(Approx.)
Country/Region Town or City % Correct
City famous for having a tower with a tilt of 4 degrees 89,000 Italy Pisa
92%
City famous for its witch trials in the 17th century 44,000 Massachusetts Salem
92%
Where the de facto capital of France was from 1682 to 1789, also where the treaty ending WW1 was signed 86,000 France Versailles
83%
Host of the 1994 Winter Olympics 29,000 Norway Lillehammer
79%
Once was a centre of learning and trade in the Sahara Desert, and largest city of the Mali Empire 32,000 Mali Timbuktu
79%
Residence of the pope from 1309 to 1377 92,000 France Avignon
71%
Town famous for its cheese with that is traditionally sold in wheels with coats of red wax 7,000 Netherlands Edam
71%
Ancient city founded by the Phoenicians and where Hannibal was born 24,000 Tunisia Carthage
67%
City that is famous for a conspiracy theory claiming that aliens exist, from debris found there 48,000 New Mexico Roswell
63%
City that shares the name with the island it is on, and a type of brown bear 6,000 Alaska Kodiak
54%
Capital and largest city of Northwest Territories in Canada 20,000 Northwest Territories, Canada Yellowknife
50%
Where the Virgin Mary appeared to 3 shepherd children in 1917 13,000 Portugal Fatima
46%
Town that hosts a famous beauty pageant/talent show for women called the (Rose of ...) 26,000 Ireland Tralee
29%
Where a personal union between Denmark, Sweden and Norway was agreed in 1397 (union is named after city) 41,000 Sweden Kalmar
21%
City where mayonnaise was invented by a French chef (name sounds similar to mayonnaise) 29,000 Balearic Islands Mahon
13%
Where the Declaration of Independence of New Zealand and a treaty that guaranteed Maori rights in return for their loyalty to the British Crown were signed 60 New Zealand Waitangi
4%
Will host the 2027 Ryder Cup, and also widely considered to be one of the most beautiful towns in Ireland 1,000 Ireland Adare
0%
No matching quizzes found
Score Distribution
Percent of People with Each Score
Percentile by Number Answered
Your Score History
You have not taken this quiz